Celton o mistério da caverna (Record no. 146848)

MARC details
000 -LÍDER
campo de controle de tamanho fixo 00366 a2200121 4500
001 - NÚMERO DE CONTROLE
campo de controle 146848
040 ## - FONTE DA CATALOGAÇÃO
Instituição que transcreveu o registro Escola São Tomás de Aquino
100 ## - ENTRADA PRINCIPAL--NOME PESSOAL
Nome pessoal ARAÚJO, Lacarmélio Alfêo de
240 10 - TÍTULO UNIFORME
Título uniforme Celton o mistério da caverna
Idioma da obra por
245 10 - TÍTULO
Título Celton o mistério da caverna
697 ## - ENTRADA DE ASSUNTO LOCAL--ENTIDADE COLETIVA (RLIN)
Nome corporativo ou nome da jurisdição Caricaturas, desenho animado, cômico, fotonovelas / Quadrinhos
942 ## - ELEMENTOS DE ENTRADA ADICIONADOS (KOHA)
Tipo de material Koha Livros
Holdings
Situação do descarte Situação das perdas Situação física Não pode ser emprestado Biblioteca de origem Biblioteca atual Data de aquisição Total de empréstimos Número de chamada completo Código de barras Data de último acesso Data do preço efetivo Tipo de material Koha
        ESTA - SÃO BENTO ESTA - SÃO BENTO 30/04/2024   741.5 ARA CEL EST00000726 30/04/2024 30/04/2024 Livros